000 00456nam a2200157Ia 4500
999 _c22643
_d22643
003 OSt
005 20200319125459.0
008 190216s9999||||xx |||||||||||||| ||und||
040 _coclc
082 _a950
_bSAL/T
100 _aSali, P Muhammad
_91835
245 0 _aThurkey Rajiya Charithram /
_cP Muhammad Sali
260 _bAbujabir Publishers,
_aTrivandrum:
_c1988:
300 _a375p
942 _cBK
_2ddc
_h950
_iSAL/T
_k950
_mSAL/T